000 00652nam a2200169 i 4500
001 70070
003 ES-MaACL
005 20250809063502.0
007 t|
008 040716s1943 sp ||||1| spa d
100 1 _aGarcía Morente, Manuel,
_d1886-1942
_955002
245 1 0 _aCuatro sermones que el Exmo. y Rvdo. pronunció con motivo del primer triduo celebrado en Madrid por la Hermandad de Caballeros de S. Fernando en 1943 /
_cManuel García Morente.
260 _aMadrid :
_b[s.n.,
_c1943] (
_fGráfica Literaria ; Francisco S. Vicente)
300 _a46 p. ;
_c22 cm.
852 _aES-MaACL
_j1842-F-7
_bR.19986
999 _c70070
_d70070